Premier League Top Goal Scorers 24/25 - Statistics

General Stats
  • This quiz has been taken 90 times
  • The average score is 5 of 10
Answer Stats
Goals Answer % Correct
24 Mohamed Salah
100%
19 Erling Haaland
96%
17 Alexander Isak
79%
14 Cole Palmer
70%
18 Chris Wood
44%
12 Ollie Watkins
42%
13 Bryan Mbeumo
18%
12 Matheus Cunha
8%
11 Yoane Wissa
7%
11 Justin Kluivert
6%
No matching quizzes found
Score Distribution
Percent of People with Each Score
Percentile by Number Answered
Your Score History
You have not taken this quiz